Productividad y calidad (Registro nro. 2700)

Detalles MARC
000 -LEADER
fixed length control field 01139 a2200265 4500
001 - CONTROL NUMBER
control field 37047
005 - DATE AND TIME OF LATEST TRANSACTION
control field 20260407155641.0
008 - FIXED-LENGTH DATA ELEMENTS--GENERAL INFORMATION
fixed length control field 260407a1985 arg spa d
003 - CONTROL NUMBER IDENTIFIER
control field AR-UNSa-BCEJYS
040 ## - CATALOGING SOURCE
Original cataloging agency AR-UNSa-BCEJYS
Language of cataloging spa
Transcribing agency AR-UNSa-BCEJYS
080 ## - UNIVERSAL DECIMAL CLASSIFICATION NUMBER
Universal Decimal Classification number 658.56
Common auxiliary subdivision Control de la calidad. Control de herramientas y material
020 ## - INTERNATIONAL STANDARD BOOK NUMBER
International Standard Book Number 968-24-1731-7
100 1# - MAIN ENTRY--PERSONAL NAME
Personal name Salazar Palacios, José Manuel
245 10 - TITLE STATEMENT
Title Productividad y calidad
Name of part/section of a work su medición como base del mejoramiento
264 #1 - PRODUCTION, PUBLICATION, DISTRIBUTION, MANUFACTURE, AND COPYRIGHT NOTICE
Place of production, publication, distribution, manufacture México :
Name of producer, publisher, distributor, manufacturer Trillas
Date of production, publication, distribution, manufacture, or copyright notice 1985
300 ## - PHYSICAL DESCRIPTION
Extent 210 p.
Dimensions 23 cm.
505 ## - FORMATTED CONTENTS NOTE
Formatted contents note 1. Introducción - 2. Mediciones de productividad para la calidad - 3. Procedimiento de desarrollo de la medición - 4. Resultados de los bancos de la reserva federal - 5. Modelos descriptivos generales - 6. Modelos para el mejoramiento de la administración - 7. Conclusiones sobre calidad y productividad.
590 ## - LOCAL NOTE (RLIN)
Local note niveau_biblio:m niveau_hierar:0
700 1# - ADDED ENTRY--PERSONAL NAME
Personal name Adam, Everett E., Jr.
700 1# - ADDED ENTRY--PERSONAL NAME
Personal name Hershauer, James C.
700 1# - ADDED ENTRY--PERSONAL NAME
Personal name Ruch, William A.
700 1# - ADDED ENTRY--PERSONAL NAME
Personal name Gutierrez Martínez, Rodolfo E.
700 1# - ADDED ENTRY--PERSONAL NAME
Personal name García de Alba Cantú, Federico
942 ## - ADDED ENTRY ELEMENTS (KOHA)
Koha item type
Existencias
Withdrawn status Lost status Damaged status Not for loan Home library Current library Shelving location Date acquired Total checkouts Full call number Barcode Date last seen Price effective from Koha item type
        Biblioteca Prof. Eusebio Cleto del Rey Biblioteca Prof. Eusebio Cleto del Rey   07/04/2026   658.56 A193 L53856 07/04/2026 07/04/2026 Libro